00288nam a2200097 4500008004100000100001500041245009400056260000900150300001100159773002000170190819b ||||| |||| 00| 0 eng d aNaik, B.M. aStrengthening research, innovation and creativity in Indian higher education: the way out c2019 ap.3-6. aUniversity News